Classement des médailles JO Paris 2024 - Statistiques

Statistiques générales
  • Ce quiz a été pris 90 fois
  • Le résultat moyen est 15 sur 20
Statistiques - réponses
Nombre total de médaille Pays % Correct
91 Chine
100%
126 Etats unis
100%
64 France
100%
45 Japon
100%
53 Australie
97%
65 Grande Bretagne
94%
20 Brésil
92%
40 Italie
91%
33 Allemagne
90%
27 Canada
90%
18 Espagne
90%
32 Corée du Sud
81%
34 Pays-Bas
77%
11 Suède
72%
8 Norvège
67%
20 Nouvelle Zélande
51%
19 Hongrie
43%
7 Irlande
38%
11 Kenya
38%
13 Ouzbekistan
25%
Aucun quiz correspondant
Distribution des résultats
% des personnes avec chaque résultat
Percentile par nombre de réponses
Votre historique - résultats
Vous n’avez pas pris ce quiz